|
|
|
|
| LEADER |
01617nam a22002777a 4500 |
| 001 |
34872 |
| 003 |
BD-DhAAL |
| 005 |
20190804105801.0 |
| 008 |
190723t2016 bg |||| |||| 001 0 ben d |
| 999 |
|
|
|c 40949
|d 40949
|
| 040 |
|
|
|a BD-DhAAL
|
| 041 |
|
|
|a ben
|
| 082 |
|
|
|a 891.4437
|2 22
|
| 100 |
|
|
|a ঠাকুর, রবীন্দ্রনাথ
|9 25298
|
| 245 |
|
|
|a জীবনস্মৃতি /
|c রবীন্দ্রনাথ ঠাকুর
|
| 260 |
|
|
|a ঢাকা :
|b বিশ্বসাহিত্য ভবন,
|c ২০১৬
|
| 300 |
|
|
|a ১৫৪ পৃষ্ঠা :
|b চিত্র ;
|c ২২ সে. মি.
|
| 526 |
|
|
|a Residential Campus
AAL
|
| 541 |
|
|
|a Development Book Agency
|e 34872, 34873, 35003
|
| 600 |
|
|
|a Tagore, Rabindranath,
|x Fiction
|y 1861-1941
|9 25293
|
| 600 |
|
|
|a ঠাকুর, রবীন্দ্রনাথ
|x রচনাবলী
|y ১৮৬১-১৯৪১
|9 25294
|
| 852 |
|
|
|a Savar Campus Library
|c General Stacks
|
| 942 |
|
|
|2 ddc
|c BK
|
| 952 |
|
|
|0 0
|1 0
|2 ddc
|4 0
|6 891_443700000000000_TAG
|7 0
|9 65719
|a SCL
|b SCL
|c GEN
|d 2019-07-17
|e Development Book Agency
|g 170.00
|l 11
|m 29
|o 891.4437 TAG
|p 3020034872
|r 2025-08-27
|s 2025-08-13
|t 1
|v 170.00
|w 2019-07-17
|y BK
|
| 952 |
|
|
|0 0
|1 0
|2 ddc
|4 0
|6 891_443700000000000_TAG
|7 0
|9 65720
|a SCL
|b SCL
|c GEN
|d 2019-07-17
|e Development Book Agency
|g 170.00
|l 6
|m 10
|o 891.4437 TAG
|p 3020034873
|r 2024-04-24
|s 2024-04-22
|t 2
|v 170.00
|w 2019-07-17
|y BK
|
| 952 |
|
|
|0 0
|1 0
|2 ddc
|4 0
|6 891_443700000000000_TAG
|7 0
|9 65854
|a BRACUL
|b BRACUL
|c GEN
|d 2019-07-24
|e Development Book Agency
|g 170.00
|l 9
|m 31
|o 891.4437 TAG
|p 3010035003
|q 2026-05-21
|r 2026-05-03
|s 2026-05-03
|t 3
|v 170.00
|w 2019-07-24
|y BK
|